000 00251nam a22000977a 4500
008 221103b |||||||| |||| 00| 0 eng d
020 _a9789387944848
100 _aIlian George
_97583
245 _aElon Musk
260 _aIndia
_bJaico Publishing House
_c2022
999 _c12118
_d12118